Complex variables : (Record no. 21618)

MARC details
000 -LEADER
fixed length control field 01528cam a2200361 i 4500
001 - CONTROL NUMBER
control field 15637683
003 - CONTROL NUMBER IDENTIFIER
control field EG-ScBUE
005 - DATE AND TIME OF LATEST TRANSACTION
control field 20241030094216.0
008 - FIXED-LENGTH DATA ELEMENTS--GENERAL INFORMATION
fixed length control field 090225t2009 nyua f 001 0 eng d
020 ## - INTERNATIONAL STANDARD BOOK NUMBER
International Standard Book Number 9780071615693 (alk. paper)
020 ## - INTERNATIONAL STANDARD BOOK NUMBER
International Standard Book Number 0071615695 (alk. paper)
035 ## - SYSTEM CONTROL NUMBER
System control number (OCoLC)ocn244060715
040 ## - CATALOGING SOURCE
Original cataloging agency DLC
Language of cataloging eng
Description conventions rda
Transcribing agency DLC
Modifying agency YDX
-- BTCTA
-- BAKER
-- YDXCP
-- ORX
-- VP@
-- IXA
-- FER
-- DLC
-- EG-ScBUE
082 04 - DEWEY DECIMAL CLASSIFICATION NUMBER
Classification number 515.9
Item number COM
Edition number 22
245 00 - TITLE STATEMENT
Title Complex variables :
Remainder of title with an introduction to conformal mapping and its applications /
Statement of responsibility, etc Murray R. Spiegel, Ph.D., former professor and chairman, Mathematics Department, Rensselaer Polytechnic Institute, Hartford Graduate Center. []
250 ## - EDITION STATEMENT
Edition statement Second edition.
264 #1 - PUBLICATION, DISTRIBUTION, ETC. (IMPRINT)
Place of publication, distribution, etc New York :
Name of publisher, distributor, etc McGraw-Hill Companies,
Date of publication, distribution, etc [2009]
264 #4 - PUBLICATION, DISTRIBUTION, ETC. (IMPRINT)
Date of publication, distribution, etc c2009
300 ## - PHYSICAL DESCRIPTION
Extent ix, 374 pages :
Other physical details illustrations ;
Dimensions 28 cm.
336 ## - CONTENT TYPE
Source rdacontent
Content type term text
Content type code txt
337 ## - MEDIA TYPE
Media type term unmediated
Source rdamedia
Media type code n
338 ## - CARRIER TYPE
Carrier type term volume
Carrier type code nc
Source rdacarrier
490 0# - SERIES STATEMENT
Series statement Schaum's outline series
500 ## - GENERAL NOTE
General note Includes index.<br/>
500 ## - GENERAL NOTE
General note Use with these courses :<br/>-Complex Variables-Complex Analsis-Mathematics of Complex Variables-Theory of Functions of Complex Variables-Complex Variables Theory Application of Complex Variables.
650 #7 - SUBJECT ADDED ENTRY--TOPICAL TERM
Topical term or geographic name as entry element Functions of complex variables.
Source of heading or term BUEsh
650 #7 - SUBJECT ADDED ENTRY--TOPICAL TERM
Topical term or geographic name as entry element Functions of several complex variables.
Source of heading or term BUEsh
651 ## - SUBJECT ADDED ENTRY--GEOGRAPHIC NAME
Source of heading or term BUEsh
653 ## - INDEX TERM--UNCONTROLLED
Resource For college Engineering, Electrical
Arrived date list April2016
655 ## - INDEX TERM--GENRE/FORM
Form subdivision Reading book
9 (RLIN) 34232
700 1# - ADDED ENTRY--PERSONAL NAME
9 (RLIN) 2617
Personal name Spiegel, Murray R.,
Relator term author.
942 ## - ADDED ENTRY ELEMENTS (KOHA)
Source of classification or shelving scheme Dewey Decimal Classification
Koha item type Book - Borrowing
Holdings
Withdrawn status Lost status Source of classification or shelving scheme Damaged status Not for loan Collection code Home library Current library Shelving location Date acquired Source of acquisition Cost, normal purchase price Total Checkouts Full call number Barcode Date last seen Koha item type Price effective from
    Dewey Decimal Classification     Baccah Central Library Central Library First floor 13/04/2016 Purchase 180.00   515.9 COM 000032346 15/07/2025 Book - Borrowing  
    Dewey Decimal Classification     Baccah Central Library Central Library First floor 13/04/2016 Purchase 180.00   515.9 COM 000032347 15/07/2025 Book - Borrowing  
    Dewey Decimal Classification     Baccah Central Library Central Library First floor 13/04/2016 Purchase     515.9 COM 000032348 15/07/2025 Book - Borrowing 13/04/2016